| 000 | 00000nam##2200000za#4500 |
| 001 | 9.697435 |
| 003 | CaOODSP |
| 005 | 20210624235459 |
| 007 | cr ||||||||||| |
| 008 | 150407|2007||||xxc|||||o f|0| 0 eng|d |
| 040 | |aCaOODSP|beng |
| 043 | |an-cn--- |
| 086 | 1 |aIu86-47/2009E-PDF |
| 110 | 1 |aCanada.|bIndustry Canada. |bCanadian Tourism Commission. |
| 245 | 10|aCanadian tourism industry benchmark study : |h[electronic resource]|bwhere do we rank in the context of the Canadian economy? / |cby The Conference Board of Canada. |
| 260 | |aToronto - Ontario : |bIndustry Canada. |c[2007?]. |
| 300 | |a74p.|bfigs., tables |
| 590 | |a13-06-Supp|b2013-03-19 |
| 690 | 07|aTourism|2gcpds |
| 775 | 08|tÉtude comparative de l'industrie touristique canadienne : |w(CaOODSP)9.641475 |
| 856 | 40|ahttp://publications.gc.ca|qPDF|s881 KB|uhttps://publications.gc.ca/collections/collection_2013/ic/Iu86-47-2009-eng.pdf |